Treble Clef Notes - Statistics

General Stats
  • This quiz has been taken 1,522 times
  • The average score is 8 of 8
Answers on the Map
Answers color-coded by a green-red scale on the quiz's map according to % correct below.
 
Answer Stats
Answer % Correct
D
99%
A
98%
B
98%
D
98%
G
98%
G
98%
C
97%
C
97%
E
97%
E
97%
F
97%
F
97%
A
96%
No matching quizzes found
Score Distribution
Percent of People with Each Score
Percentile by Number Answered
Your Score History
You have not taken this quiz